000 00415cam a22001457a 4500
008 180718b1995 xxu||||| |||| 00| 0 eng d
020 _a8170332867
082 _aC41x54 K959
100 _aKulshreshtha, S.K.
245 _aFundamental rights and the Supreme Court
_cby Sudhir Kulshreshtha
260 _aJaipur
_bRawat
_c1995
300 _a236p.
650 _aCivil rights --India
650 _aJudicial review --India
999 _c378413
_d378413